000 00617nam a2200265Ia 4500
005 20260121171446.0
008 008 260114s9999 xx 000 0 eng d
020 _a9781137511348
037 _aEBOOK
040 _aCRL
040 _beng
040 _cCRL
041 _2eng
041 _aeng
084 _qCRL
100 _aLi Li
_91076477
245 0 _aLanguage Teacher Cognition
260 _bSpringer
260 _bSpringer
260 _c2020
856 _uhttps://link.springer.com/openurl?genre=book&isbn=978-1-137-51134-8
942 _cEBOOK
999 _c1642207
_d1642207